书目信息 |
| 题名: |
现代工程图学
|
|
| 作者: | 杨裕根 , 诸世敏 主编 | |
| 分册: | ||
| 出版信息: | 北京 北京邮电大学出版社 2007.04 |
|
| 页数: | 323页 | |
| 开本: | 26cm | |
| 丛书名: | ||
| 单 册: | ||
| 中图分类: | TB23 | |
| 科图分类: | ||
| 主题词: | 工程制图--高等学校--教材 | |
| 电子资源: | ||
| ISBN: | 7-5635-1058-3 | |
| 000 | 00944nam0 2200253 450 | |
| 001 | 1135100186 | |
| 005 | 20110609094539.57 | |
| 010 | @a7-5635-1058-3@d32.00CNY | |
| 100 | @a20050720d2007 km y0chiy0120 ea | |
| 101 | 0 | @achi |
| 102 | @aCN@b110000 | |
| 105 | @aa a 000yy | |
| 200 | 1 | @a现代工程图学@Axian dai gong cheng tu xue@f杨裕根, 诸世敏主编@Fyang yu gen,zhu shi min zhu bian |
| 205 | @a3版 | |
| 210 | @a北京@c北京邮电大学出版社@d2007.04 | |
| 215 | @a323页@c图@d26cm | |
| 320 | @a有书目 (第327页)。 | |
| 330 | @a本书共分13章,主要内容包括:制图的基本知识与技能,点、直线和平面的投影,立体的投影,组合体的视图及尺寸标注,轴测投影,机件的常用表达方法,标准件和常用件,零件图,装配图,计算机绘图,展开图,焊接图和房屋建筑图。 | |
| 606 | 0 | @a工程制图@x高等学校@x教材 |
| 690 | @aTB23@v4 | |
| 701 | 0 | @a杨裕根@Ayang yu gen@4主编 |
| 701 | 0 | @a诸世敏@Azhu shi min@4主编 |
| 801 | 0 | @aCN@bQSSK@c20110609 |
| 905 | @a10447@dTB23@eY321=3 | |
| 现代工程图学/杨裕根, 诸世敏主编.-3版.-北京:北京邮电大学出版社,2007.04 |
| 323页:图;26cm |
| ISBN 7-5635-1058-3:32.00CNY |
| 本书共分13章,主要内容包括:制图的基本知识与技能,点、直线和平面的投影,立体的投影,组合体的视图及尺寸标注,轴测投影,机件的常用表达方法,标准件和常用件,零件图,装配图,计算机绘图,展开图,焊接图和房屋建筑图。 |
| ● |
| 相关链接 |
|
|
|
正题名:现代工程图学
索取号:TB23/Y321=3
 
预约/预借
| 序号 | 登录号 | 条形码 | 馆藏地/架位号 | 状态 | 备注 |
| 1 | 466017 | 204660170 | 自科库501/501自科库 6排3列3层/ [索取号:TB23/Y321=3] | 在馆 |